|
|
|
|
| LEADER |
00000nab a2200000 ar4500 |
| 001 |
vtls008954088 |
| 003 |
SK-MaSNL |
| 005 |
20260319071314.0 |
| 008 |
070212c20070210xo ||||||h| 000 b|hun |
| 015 |
|
|
|a SNBRB2007/02
|2 snkbucl
|
| 038 |
|
|
|a SNKBUCL
|
| 040 |
|
|
|a DSZK
|b slo
|c DSZK
|e AACR2
|d SNKBUCL
|
| 041 |
0 |
|
|a hun
|
| 044 |
|
|
|a xo
|c SK
|
| 080 |
|
|
|a 791.44.071.2
|2 1997
|
| 080 |
|
|
|a 792.071.2
|2 1997
|
| 080 |
|
|
|a 929 Ullmann, Liv
|2 1997
|
| 100 |
1 |
|
|a Szabó, László G.,
|d 1955-
|4 ivr
|4 aut
|9 840019
|
| 245 |
1 |
0 |
|a Jelenetek egy hirtelen megszakadt házasságból
|b "hét filmben játszottam Bergman előtt ... "
|c Szabó G. László, Liv Ullmann
|
| 300 |
|
|
|b Fotogr.
|
| 600 |
1 |
7 |
|a Ullmann, Liv,
|d 1939-
|2 snkbucl
|9 853124
|
| 655 |
|
7 |
|a rozhovory
|2 snkbucl
|9 31831
|
| 700 |
1 |
|
|a Ullmann, Liv,
|d 1938-
|4 ive
|4 aut
|9 529027
|
| 773 |
0 |
|
|t Új szó
|g Évf. 60, sz. 34 (10.2.2007), o. 10
|
| 852 |
|
|
|a SNK
|b KIS3GCP
|
| 852 |
|
|
|a DSZK
|b KIS3GCP
|
| 958 |
|
|
|a HU
|
| 958 |
|
|
|a BC
|
| 958 |
|
|
|a NO
|
| 999 |
|
|
|c 1754743
|d 1756673
|